| 000 | 01809nam a2200373 i 4500 | ||
|---|---|---|---|
| 001 | 991061729798506706 | ||
| 003 | ES-BaIT | ||
| 005 | 20260302115505.0 | ||
| 008 | 260302e202601 fr g 000 d fre c | ||
| 020 |
_a9782749817163 _q(paperback) |
||
| 020 |
_a2749817161 _q(paperback) |
||
| 035 | _a(OCoLC)1572365315 | ||
| 035 | _a(OCoLC)on1572365315 | ||
| 040 |
_aES-BaIT _bcat _erda _cES-BaIT |
||
| 080 | _a840-2"20" | ||
| 100 | 1 |
_aRobert-Charrier, Jean _eautor _9168771 |
|
| 245 | 1 | 0 |
_aÇa, c'est l'amour / _cJean Robert-Charrier |
| 264 | 1 |
_aParis : _bL'avant-scène théâtre, _cjanvier 2026 |
|
| 300 |
_a73 pàgines ; _c21 cm. |
||
| 336 |
_atext _btxt _2rdacontent |
||
| 337 |
_asense mediació _bn _2rdamedia |
||
| 338 |
_avolum _bnc _2rdacarrier |
||
| 490 | 1 |
_aAvant-scène théâtre ; _vno 1587 |
|
| 500 | _aP4: D2, H2 en P3: D2, H1 | ||
| 500 | _aPublicat com no 1587 (janvier 2026) de la revista L'Avant-scène théâtre | ||
| 500 | _aEstrena Théâtre des Bouffes-Parisiens el 23 de gener de 2026 | ||
| 520 | _a"24 décembre, soir de Noël. Mathilde reçoit la visite impromptue de sa mère, un peu envahissante et haute en couleurs. Les discussions anodines, parfois joviales, cèdent le pas aux souvenirs, aux fantômes d'une enfance marquée par la violence et à l'introspection du lien unissant une mère et sa fille. Avec légèreté et une force subtile, l'auteur aborde ce sujet capital qu'est l'emprise et ses conséquences au sein d'un couple. La simplicité trompeuse du début plonge le lecteur dans un drame familial bouleversant." -- Pàgina 4 | ||
| 650 | 0 |
_aMares i filles _vTextos dramàtics _9163656 |
|
| 650 | 0 |
_aFamílies _vTextos dramàtics _9168202 |
|
| 830 |
_aAvant-scène. _pThéâtre _vno 1587 _9168170 |
||
| 908 | _aCDMAE | ||
| 940 | _aCDMAE | ||
| 942 |
_2udc _c1 |
||
| 999 |
_c137178 _d137178 |
||